<The> Annals of Statistics <sn> official journal of The Institute of Mathematical Statistics

Saved in:
Bibliographic Details
Format: Serial
Language:English
Published: San Francisco The Institute of Mathematical Statistics 1974
Subjects:
Tags: Add Tag
No Tags, Be the first to tag this record!

MARC

LEADER 00000nas2a2200000 4500
001 0006831
005 20041019155716.0
041 0 |a eng 
044 |a US 
245 1 0 |a <The> Annals of Statistics  |b <sn> official journal of The Institute of Mathematical Statistics 
264 1 |a San Francisco  |b The Institute of Mathematical Statistics  |c 1974 
300 |a 1 zv. 
773 0 |w eu_un_cat*s120846 
610 2 0 |a štatistika 
610 2 0 |a štatistika matematická